书目信息 |
| 题名: |
唐山市水产志
|
|
| 作者: | 杨学城 | |
| 分册: | ||
| 出版信息: | 天津 天津人民出版社 2002 |
|
| 页数: | 288 | |
| 开本: | 26cm | |
| 丛书名: | ||
| 单 册: | ||
| 中图分类: | S922.223 | |
| 科图分类: | ||
| 主题词: | 水产资源--分布--地区 , 水产志 | |
| 电子资源: | ||
| ISBN: | 7-201-04048-0 | |
| 000 | 00549nam0 2200193 450 | |
| 001 | 0741144344 | |
| 005 | 20070817112544.34 | |
| 010 | @a7-201-04048-0@d¥50.00 | |
| 100 | @a20070817d km y0chiy0120 ea | |
| 101 | 0 | @achi |
| 200 | 1 | @a唐山市水产志@Atang shan shi shui chan zhi@f杨学城@Fyang xue cheng |
| 210 | @a天津@c天津人民出版社@d2002 | |
| 215 | @a288@c彩图@d26cm | |
| 606 | 0 | @a水产资源@x分布@x地区 |
| 606 | 0 | @a水产志 |
| 690 | @aS922.223@v3 | |
| 701 | 0 | @a杨学城@Ayang xue cheng |
| 801 | 0 | @aCN@bPFT@c20070817 |
| 905 | @a213230@dS922.223@en1@f1 | |
| 唐山市水产志/杨学城.-天津:天津人民出版社,2002 |
| 288:彩图;26cm |
| ISBN 7-201-04048-0:¥50.00 |
| ● |
| 相关链接 |
|
|
|
|
正题名:唐山市水产志
索取号:S922.223/n1
 
预约/预借
| 序号 | 登录号 | 条形码 | 馆藏地/架位号 | 状态 | 备注 |
| 1 | 6600696 | 266006966 | 密集书库-生命科学系/ [索取号:S922.223/n1] | 在馆 | |
| 2 | 6600697 | 266006975 | 密集书库-生命科学系/ [索取号:S922.223/n1] | 在馆 | |
| 3 | 6600698 | 266006984 | 密集书库-生命科学系/ [索取号:S922.223/n1] | 在馆 | |
| 4 | 6600699 | 266006993 | 密集书库-生命科学系/ [索取号:S922.223/n1] | 在馆 | |
| 5 | 6600700 | 266007000 | 密集书库-生命科学系/ [索取号:S922.223/n1] | 在馆 |